000 00673cam a22002413a 4500
001 24742
003 PGUSA
005 20140828083531.0
008 080303s2008||||xxu|||||s|||||000 1 eng d
040 _aPGUSA
_beng
042 _adc
050 4 _aPR
100 1 _aStephens, James,
_d1882-1950
245 1 0 _aMary, Mary
_h[electronic resource] /
_cJames Stephens
260 _bProject Gutenberg,
_c2008
506 _aPublic domain in the USA.
516 _aElectronic text
653 _aMothers and daughters -- Fiction
700 1 _aColum, Padraic,
_d1881-1972
830 0 _aProject Gutenberg
_v24742
856 4 0 _uhttp://www.gutenberg.org/ebooks/24742
942 _cEB
999 _c253997
_d253997